[Event "HUN-chT2 Szechenyi 1213"]
[Site "Hungary"]
[Date "2013.02.17"]
[Round "7.9"]
[White "Kiss, Laszlo"]
[Black "Kocsis, Endre Kende"]
[Result "1-0"]
[WhiteElo "1671"]
[BlackElo "1597"]
[PlyCount "37"]
[EventDate "2012.09.16"]
[EventType "team-tourn"]
[EventRounds "11"]
[EventCountry "HUN"]
[SourceTitle "EXT 2014"]
[Source "ChessBase"]
[SourceDate "2013.11.20"]
[SourceVersion "1"]
[SourceVersionDate "2013.11.20"]
[SourceQuality "1"]
[WhiteTeam "Arboretum"]
[BlackTeam "Zalaegerszeg Bagi"]
[WhiteTeamCountry "HUN"]
[BlackTeamCountry "HUN"]

1. c4 e5 2. Nc3 d6 3. g3 g6 4. Bg2 Bg7 5. e3 Nf6 6. Nge2 Nbd7 7. 0-0 0-0 8. b4 Nh5 9. Bb2 f5 10. d4 f4 11. dxe5 f3 12. Bxf3 Rxf3 13. Qd5+ Rf7 14. e6 Nhf6 15. exf7+ Kf8 16. Qd1 Ne5 17. Nd5 Bh3 18. Ndf4 Bxf1 19. Ne6+ 1-0

[Event "HUN-chT2 Szechenyi 1213"]
[Site "Hungary"]
[Date "2012.12.02"]
[Round "5.8"]
[White "Szokolszky, Miklos"]
[Black "Kocsis, Endre Kende"]
[Result "1-0"]
[WhiteElo "1818"]
[BlackElo "1597"]
[PlyCount "83"]
[EventDate "2012.09.16"]
[EventType "team-tourn"]
[EventRounds "11"]
[EventCountry "HUN"]
[SourceTitle "EXT 2014"]
[Source "ChessBase"]
[SourceDate "2013.11.20"]
[SourceVersion "1"]
[SourceVersionDate "2013.11.20"]
[SourceQuality "1"]
[WhiteTeam "Sarvar"]
[BlackTeam "Zalaegerszeg Bagi"]
[WhiteTeamCountry "HUN"]
[BlackTeamCountry "HUN"]

1. e4 d6 2. d4 Nf6 3. Nc3 g6 4. Be2 Bg7 5. Be3 Nbd7 6. Qd2 e5 7. d5 0-0 8. h4 h5 9. f3 Nb6 10. Bg5 Nbd7 11. g4 Qe8 12. Nb5 Qd8 13. gxh5 gxh5 14. Nh3 a6 15. Nc3 Kh7 16. 0-0-0 b5 17. Rdg1 b4 18. Na4 a5 19. Qe3 Nb6 20. Nxb6 cxb6 21. Bxf6 Qxf6 22. Ng5+ Kh8 23. Qxb6 Qf4+ 24. Kb1 f6 25. Ne6 Bxe6 26. dxe6 Qd2 27. Bd3 a4 28. Rd1 Qg2 29. Qe3 Qg6 30. Bb5 Rfb8 31. Bd7 Bf8 32. Rhg1 Qh7 33. Rg2 Be7 34. Rdg1 Rg8 35. Rxg8+ Rxg8 36. Rxg8+ Qxg8 37. Qh6+ Qh7 38. Qxh7+ Kxh7 39. Bxa4 Kg6 40. Be8+ Kh6 41. c3 bxc3 42. b4 1-0

[Event "HUN-chT2 Szechenyi 1213"]
[Site "Hungary"]
[Date "2012.11.18"]
[Round "4.10"]
[White "Kocsis, Endre Kende"]
[Black "Kurcsics, Erika"]
[Result "0-1"]
[WhiteElo "1597"]
[BlackElo "1707"]
[PlyCount "138"]
[EventDate "2012.09.16"]
[EventType "team-tourn"]
[EventRounds "11"]
[EventCountry "HUN"]
[SourceTitle "EXT 2014"]
[Source "ChessBase"]
[SourceDate "2013.11.20"]
[SourceVersion "1"]
[SourceVersionDate "2013.11.20"]
[SourceQuality "1"]
[WhiteTeam "Zalaegerszeg Bagi"]
[BlackTeam "Lovo"]
[WhiteTeamCountry "HUN"]
[BlackTeamCountry "HUN"]

1. e4 c5 2. Nf3 g6 3. d3 Nc6 4. g3 Bg7 5. Bg2 Nf6 6. 0-0 0-0 7. Nbd2 d5 8. Qe2 Bg4 9. h3 Nd4 10. Qd1 Bxf3 11. Nxf3 Nxf3+ 12. Qxf3 dxe4 13. dxe4 Nd7 14. c3 Ne5 15. Qe2 Qd3 16. Qxd3 Nxd3 17. c4 Bxb2 18. Bxb2 Nxb2 19. Rab1 Nxc4 20. Rxb7 Rfe8 21. Rc1 Nd6 22. Rc7 Nb5 23. R7xc5 Rab8 24. Rb1 Nd6 25. Rxb8 Rxb8 26. Rc7 Nc8 27. Bf1 a5 28. Ba6 Nd6 29. Rxe7 Rb1+ 30. Kg2 Rb2 31. e5 Ne4 32. Kf3 Nd2+ 33. Ke3 Rxa2 34. Rd7 Nb1 35. Bc4 Ra3+ 36. Ke2 Rc3 37. Bxf7+ Kf8 38. e6 a4 39. g4 a3 40. g5 Rc8 41. Ra7 Nc3+ 42. Kd3 Nb5 43. Ra5 Rc3+ 44. Kd2 Rc5 45. Ra8+ Ke7 46. Re8+ Kd6 47. Rd8+ Ke7 48. Re8+ Kd6 49. f4 Rc7 50. Rd8+ Kc5 51. Rd5+ Kb4 52. Re5 a2 53. Re1 Nd4 54. Rf1 Nb3+ 55. Ke3 a1Q 56. Rxa1 Nxa1 57. Ke4 Kc5 58. f5 gxf5+ 59. Kxf5 Nc2 60. Kf6 Kd6 61. Kg7 Nd4 62. Kxh7 Nxe6 63. g6 Ng5+ 64. Kg8 Nxh3 65. g7 Ng5 66. Kh8 Nxf7+ 67. Kh7 Ne5 68. Kh8 Ng6+ 69. Kh7 Ne7 0-1

[Event "HUN-chT2 Charousek 1011"]
[Site "Hungary"]
[Date "2011.05.01"]
[Round "10"]
[White "Kocsis, Endre Kende"]
[Black "Tardos, Jakab"]
[Result "0-1"]
[WhiteElo "1656"]
[BlackElo "1652"]
[PlyCount "48"]
[EventDate "2010.09.12"]
[EventType "team-tourn"]
[EventRounds "11"]
[EventCountry "HUN"]
[SourceTitle "EXT 2012"]
[Source "ChessBase"]
[SourceDate "2011.11.24"]
[SourceVersion "1"]
[SourceVersionDate "2011.11.24"]
[SourceQuality "1"]
[WhiteTeam "Csuti II"]
[BlackTeam "Husi"]
[WhiteTeamCountry "HUN"]
[BlackTeamCountry "HUN"]

1. e4 e6 2. d3 d5 3. Nd2 c5 4. Ngf3 Nf6 5. Qe2 Nc6 6. g3 Be7 7. Bg2 0-0 8. 0-0 d4 9. e5 Nd5 10. h4 b5 11. Ne4 Qc7 12. Bf4 Bb7 13. Nf6+ gxf6 14. exf6 Nxf4 15. gxf4 Bxf6 16. Ne5 Nxe5 17. Bxb7 Qxb7 18. fxe5 Kh8 19. f3 Rg8+ 20. Kh2 Bxh4 21. Rg1 Bg5 22. Rg3 Bf4 23. Rag1 Rxg3 24. Rxg3 Rg8 0-1

[Event "HUN-chT2 Szechenyi 1011"]
[Site "Hungary"]
[Date "2011.04.17"]
[Round "9.9"]
[White "Kocsis, Endre Kende"]
[Black "Pajor, Matyas"]
[Result "0-1"]
[WhiteElo "1656"]
[BlackElo "1737"]
[PlyCount "84"]
[EventDate "2010.09.12"]
[EventType "team-tourn"]
[EventRounds "11"]
[EventCountry "HUN"]
[SourceTitle "EXT 2012"]
[Source "ChessBase"]
[SourceDate "2011.11.24"]
[SourceVersion "1"]
[SourceVersionDate "2011.11.24"]
[SourceQuality "1"]
[WhiteTeam "Baki Agrocentrum"]
[BlackTeam "HVSE Infraplan"]
[WhiteTeamCountry "HUN"]
[BlackTeamCountry "HUN"]

1. e4 c5 2. Nf3 d6 3. d3 Nc6 4. g3 Nf6 5. Bg2 Bg4 6. Nbd2 e6 7. 0-0 Be7 8. h3 Bxf3 9. Nxf3 Qb6 10. Re1 0-0 11. g4 Rfe8 12. g5 Nd7 13. h4 Nde5 14. Kh1 Nxf3 15. Qxf3 Nd4 16. Qd1 f6 17. c3 Nc6 18. f4 f5 19. h5 g6 20. Re3 Bf8 21. Rh3 Bg7 22. hxg6 hxg6 23. Qe1 Ne7 24. Rb1 Kf7 25. b4 Rh8 26. Bb2 Rxh3+ 27. Bxh3 Rh8 28. Kg2 cxb4 29. cxb4 Bxb2 30. Rxb2 Qd4 31. Qe2 d5 32. exf5 gxf5 33. Qd2 Ng6 34. Kg3 Qg1+ 35. Qg2 Rxh3+ 36. Kxh3 Nxf4+ 37. Kg3 Nxg2 38. Rxg2 f4+ 39. Kf3 Qe3+ 40. Kg4 Qxd3 41. Rh2 Qg3+ 42. Kh5 Qxh2+ 0-1